LIBRARY & INFORMATION CENTRE, KCAET, TAVANUR

ONLINE PUBLIC ACCESS CATALOGUE (OPAC)

Practice and precepts of Jesus (Record no. 11150)

MARC details
000 -LEADER
fixed length control field 00375cam a2200169ua 4500
041 ## - LANGUAGE CODE
Language code of text/sound track or separate title eng
082 ## - DEWEY DECIMAL CLASSIFICATION NUMBER
Classification number 320.58
Item number KUM/PR
100 ## - MAIN ENTRY--AUTHOR NAME
Personal name J.C. Kumarappa, Kumarappa .
245 ## - TITLE STATEMENT
Title Practice and precepts of Jesus
260 ## - PUBLICATION, DISTRIBUTION, ETC. (IMPRINT)
Place of publication :
Name of publisher Navajiv ,
Year of publication 1945.
300 ## - PHYSICAL DESCRIPTION
Number of Pages 117 ; .
942 ## - ADDED ENTRY ELEMENTS (KOHA)
Koha item type Books
Holdings
Withdrawn status Lost status Damaged status Home library Current library Date acquired Full call number Accession Number Koha item type
Withdrawn     KAUAET Sanskrit University 07/04/2012 320.58 2400 Books
free website counter